00466cam a2200181ua 45000010005000000080039000050200018000440400009000620410008000710820013000791000023000922450049001152500009001642600033001733000010002066530044002166530024002608304150730n ii |||gr||||Z||||||asm a9789381784372 cMAIN aasm a891.4514 aNath, D.,eAuthor. aAsomia sahityar rup-baichitracBy Dipen Nath a1st. aJorhat:bBidyabhawan,c2013. a252p. aEast Indo-European & Celtic literatures aAssamese literature